Tecnologia blockchain, economia social i desenvolupament local /
ISBN:
9788498038996
Descripción Física:
127 p. ; 24 cm.
Colección:
Economia i Treball
; 1
Materias:
Economia social
; Desenvolupament econòmic local
; Administració local -- Innovacions tecnològiques
Idioma:
Catalán
MARC
| LEADER | 00000nam a22000007a 4500 | ||
|---|---|---|---|
| 001 | 25132 | ||
| 008 | 220201b spa||||| |||| 00| 0 cat d | ||
| 017 | |a B 24231-2019 | ||
| 020 | |a 9788498038996 | ||
| 100 | |9 52206 |a Corrons Giménez, August | ||
| 245 | |a Tecnologia blockchain, economia social i desenvolupament local / |c August Corrons Giménez | ||
| 260 | |a Barcelona : |b Diputació de Barcelona ; |c 2019 | ||
| 300 | |a 127 p. ; |c 24 cm. | ||
| 490 | |a Economia i Treball |v 1 | ||
| 650 | 0 | |9 16784 |a Economia social | |
| 650 | 0 | |9 11029 |a Desenvolupament econòmic local | |
| 650 | 0 | |9 18208 |a Administració local |x Innovacions tecnològiques | |
| 856 | |u https://llibreria.diba.cat/cat/unclick/descargaebook.php?uid=25203AB3E5268545C4C8A349F65A230AD9DCF61393CAC07E5E9C9C6DBD9EFA68&c=63281&m=descarga |y Accés lliure | ||
| 942 | |2 udc |c ARXIU |n 1 | ||
| 952 | |0 0 |1 0 |4 0 |6 BIB404 |7 1 |9 60968 |a Arxiu |b Arxiu |d 2022-02-01 |l 0 |o Bib-404 |p 25132 |r 2022-02-01 00:00:00 |w 2022-02-01 |y ARXIU | ||
| 952 | |0 2 |1 0 |2 udc |4 0 |5 2 |6 39_COR |7 0 |8 BS |9 94547 |a BGR |b BGR |c MUNDET |d 2019-12-27 |o 39 Cor |p BGR-M0000950090281 |r 2019-12-27 00:00:00 |w 2019-12-27 |y RE |0 0 |0 2 | ||
| 999 | |c 81093 |d 81093 | ||